000 00646nam a2200229Ia 4500
003 0100
005 20160818093251.0
008 130303s9999 xx 000 0 und d
020 _a090831194X
040 _cARRUPELIB
050 _aHD2346.Z55W5513 1997
100 _aWild, Volker
_925224
245 _aProfit not for profit's sake
245 _bhistory and business culture of african entrepreneurs in zimbabwe
260 _aHarare
260 _bBaobab Books
300 _axxv
300 _b 324p. 21cm.
650 _bZimbabwe
_xHistory
_910314
650 _bZimbabwe
_xEconomic conditions
_xHistory
_925225
942 _2lcc
_cMONOGRAPH
999 _c60171
_d60171